000 00668nam a22002057a 4500
999 _c1643
_d1643
003 AR-CdUCM
008 190227b ||||| |||| 00| 0 esp d
020 _aISBN
040 _aMUNICIPALIDAD PROVINCIAL DEL CUSCO
_cBIBLIOTECA MUNICIPAL DEL CUSCO
082 _a869.56 /
_bV141
100 _aValcárcel, Gustavo,
_9737
245 _aLa prisión /
_cGustavo Valcárcel.
260 _aLima :
_bPerú nuevo,
_c1964.
300 _a189 paginas ;
_c17 cm.
505 _aLa prisión y la muerte -- Contemplando el sentimiento -- El compañero Almagro ...
650 _aIdeologicas.
_96119
650 _aDesasosiego.
_96120
942 _2ddc
_cLIBROS
945 _aacrt
_d2019-02-27